Statystyki dla Wszystkie utwory z płyty Kabe - King Kong

Kliknij tutaj aby rozwiązać quiz!

Ogólne statystyki

  • Ten quiz został rozwiązany 27 razy
  • Średni wynik to 7 z 12

Statystyki odpowiedzi

Nr.Nazwa% Poprawnych
2.King Kong
95%
3.W cenie
79%
5.Wyspy
79%
7.Cały hajs
68%
1.Intro
68%
6.Vivaldi
68%
11.Dziś nie
63%
4.Opinel
53%
9.To i to
53%
8.Sezon
47%
10.Mój dom
37%
12.Outro (stado hien)
26%

Rozkład punktacji

Percentyl według liczby udzielonych odpowiedzi

Procent ludzi z każdym wynikiem

Twoja historia wyników

Nie rozwiązałeś tego quizu